000 00611nas a2200217 4500
001 BR7301823
003 BR-BrBNA
005 20231205082408.0
007 ta
008 230509b bl.|||p| |||| 00| 00por d
040 _aBR-BrBNA
_bpor
_cBiblioteca Nacional de Agricultura
041 _a(Pt)
072 _aL30
100 1 _aHall, G.A.
245 1 _aO suco de rumen para bezerros
650 _aNUTRICAO ANIMAL
650 _aBEZERRO
773 0 _tRevista dos Criadores (Brazil)
_xISSN 0034-9259
_g(Feb 1976), v. 46(553) p. 61-62
_wBR7301823
909 _a202311
_bLúcia
_c55
_dLúcia Elande
942 _2AGRIS
_n0
_cANA
999 _c91433
_d91433